La Importancia del sistema de información de la población objetivo (SIPO) para la superación de la pobreza /

Сохранить в:
Библиографические подробности
Главный автор: Víquez Salazar, Roxana M
Другие авторы: Guadamuz Sandoval, Lorenzo, Mora Altamirano, Edgar (compilador), Jurado Solórzano, Ana María (compilador)
Формат: Текст
Предметы:
Метки: Добавить метку
Нет меток, Требуется 1-ая метка записи!

MARC

LEADER 00000 a a2200000 04500
001 10380
003
040
100 |a Víquez Salazar, Roxana M  
245 |a La Importancia del sistema de información de la población objetivo (SIPO) para la superación de la pobreza /  |c Roxana M Víquez Salazar ; Lorenzo Guadamuz Sandoval ; Edgar Mora Altamirano ; Ana María Jurado Solórzano 
650 |a DESARROLLO SOSTENIBLE  
650 |a POBREZA  
650 |a DESARROLLO HUMANO  
650 |a DESARROLLO ECONOMICO Y SOCIAL  
650 |a INDICADORES ECONOMICOS  
700 |a Guadamuz Sandoval, Lorenzo  
700 |a Mora Altamirano, Edgar   |e compilador  
700 |a Jurado Solórzano, Ana María   |e compilador 
773 |g número 4; páginas 1-15  
999 |c 35118  |d 35118